[Event "Titled Tuesday intern op 14th Nov Early"]
[Site "Chess.com INT"]
[Date "2023.11.14"]
[Round "5"]
[White "Csonka, Balazs"]
[Black "Kanyamarala, Tarun"]
[Result "1-0"]
[WhiteElo "2480"]
[BlackElo "2312"]
[PlyCount "141"]
[EventDate "2023.11.14"]
[EventType "swiss (blitz)"]
[EventRounds "11"]
[EventCountry "USA"]
[SourceTitle "CB47_2023"]
[SourceDate "2023.11.22"]
[SourceVersion "1"]
[SourceVersionDate "2023.11.22"]
[SourceQuality "1"]

1. d4 Nf6 2. Nf3 d5 3. Bf4 c5 4. e3 Nc6 5. Nbd2 Qb6 6. dxc5 Qxb2 7. Rb1 Qc3 8. Bb5 g6 9. e4 Bg7 10. Rb3 Qxc5 11. Be3 d4 12. Nxd4 Ng4 13. Bxc6+ bxc6 14. Nf5 Nxe3 15. Nxg7+ Kf8 16. Rxe3 Kxg7 17. Qa1+ f6 18. e5 Ba6 19. exf6+ exf6 20. Qxf6+ Kxf6 21. Ne4+ Kf7 22. Nxc5 Bc4 23. a4 Rab8 24. Kd2 Rhd8+ 25. Kc3 Bd5 26. f3 a5 27. Rhe1 Rb4 28. Re7+ Kg8 29. Nd7 Rc4+ 30. Kb2 Rf4 31. Kc1 Rf7 32. Rxf7 Kxf7 33. Nc5 Rb8 34. Kd2 Rb4 35. Kd3 Rc4 36. Nb7 Rxa4 37. Nd6+ Kf6 38. c4 Be6 39. Ne4+ Kg7 40. Nc5 Bxc4+ 41. Kc3 Rb4 42. Ra1 Bd5 43. Rxa5 Rc4+ 44. Kd3 Rc1 45. Ke2 Rc3 46. Kf2 Rc2+ 47. Kg3 h5 48. h4 Rc4 49. Ra7+ Kf6 50. Nd7+ Ke6 51. Nf8+ Kf6 52. Nh7+ Ke6 53. Rg7 c5 54. Rxg6+ Ke7 55. Rg7+ Kd6 56. Rg6+ Kc7 57. Nf6 Bc6 58. Rg5 Rc1 59. Rxh5 c4 60. Rc5 c3 61. Ne4 c2 62. h5 Kb6 63. Rc3 Ba4 64. h6 Bd7 65. h7 Bf5 66. h8Q Bxe4 67. Qf6+ Kb5 68. fxe4 Kb4 69. Qc6 Rg1 70. Qc5+ Ka4 71. Ra3# 1-0

[Event "Titled Tuesday intern op 14th Nov Early"]
[Site "Chess.com INT"]
[Date "2023.11.14"]
[Round "6"]
[White "Ezat, Mohamed Mahmoud"]
[Black "Kanyamarala, Tarun"]
[Result "0-1"]
[WhiteElo "2371"]
[BlackElo "2312"]
[PlyCount "94"]
[EventDate "2023.11.14"]
[EventType "swiss (blitz)"]
[EventRounds "11"]
[EventCountry "USA"]
[SourceTitle "CB47_2023"]
[SourceDate "2023.11.22"]
[SourceVersion "1"]
[SourceVersionDate "2023.11.22"]
[SourceQuality "1"]

1. d4 f5 2. e4 fxe4 3. Nc3 Nf6 4. Bg5 g6 5. h4 Bg7 6. h5 0-0 7. hxg6 hxg6 8. Bc4+ e6 9. Nxe4 d5 10. Nxf6+ Bxf6 11. Qd3 Qe7 12. Qxg6+ Qg7 13. Qxg7+ Bxg7 14. Bd3 Bxd4 15. 0-0-0 Bf6 16. Bh6 Bg7 17. Bxg7 Kxg7 18. Rh7+ Kf6 19. Rxc7 Nc6 20. f4 Rg8 21. Rd2 Nb4 22. Nf3 Rg7 23. Rxg7 Kxg7 24. g4 Nxa2+ 25. Kb1 Nb4 26. Ne5 b6 27. Rh2 Nxd3 28. cxd3 Ba6 29. Rh5 Rf8 30. Rg5+ Kh7 31. Rg6 Bxd3+ 32. Nxd3 Kxg6 33. Ne5+ Kg7 34. Nd3 Rh8 35. g5 Kg6 36. Kc2 Kf5 37. Kc3 Rc8+ 38. Kd4 Rc4+ 39. Ke3 d4+ 40. Kf3 Rc2 41. Nb4 Rxb2 42. Nc6 Rb3+ 43. Kf2 Kxf4 44. Nxd4 Rb2+ 45. Ke1 e5 46. Ne6+ Kf5 47. Nc7 Kxg5 0-1